Hades II characters by their first line - Statistics

General Stats
  • This quiz has been taken 13 times
  • The average score is 32 of 41
Answer Stats
Character Line % Correct
Aphrodite Why, hello, gorgeous! You look like you can break some hearts even without my aid! Oh, your brother would be so proud, knowing you’re fighting for your kin!
100%
Apollo Greetings from Olympus and well met there, sunshine! Look, we can’t get to the Titan, but if you truly mean to stop him, then the least I can do is light your way down.
91%
Artemis It’s been too long, Sister. Look at you, on your great hunt! Not ideal circumstances but you’ve finally begun. Know that the family has your back, surprised as they are about this.
91%
Hypnos Zzzz, mm-hm, hmm
91%
Melinoe Just a spell, it’s just another spell. Ten words… In the name of Hades ! Olympus, I accept this message!
91%
Prometheus Ah, here comes the unexpected wrinkle in my master's plan! I know who you are, lost daughter of Hades, and I know that you know who I am. I had a premonition of this very moment.
91%
Scylla Ohh, hohoho, no way! No way. Lookit, gals, a lady! Ladies never come to see our shows, you must be different, what’s your name? Oh, make yourself comfy, we’re just about to start, aren’t we, gals ?
91%
Selene Good evening to you, little star. Our cycles now are intertwined, as I no longer can afford merely to watch. Whichever threat we face, I vow to shine for you.
91%
Arachne What are you doing here? Besides trampling all over my webs, that is ! Oh, it’s nothing, silly. I can always make more perfectly good silk! I can’t always see you.
82%
Chaos Olympus cannot hear you, Spawn of Hades. But I can. And I have for you a proposition: Assist with a quandary of mine, and benefit. Your response?
82%
Demeter ... You look just like your mother. I’ll not lose her again. I shall freeze hell in its entirety if thats what it takes to get her back. You’ll help me, won’t you, Granddaughter?
82%
Dionysus Now who is this, what sort of Nymph do we have here? Not from the waters nor the woods, but wait wait wait! Those eyes! Zag, man, is that you?! You've changed! I like it!
82%
Dora Who dares disturb my eternal rest? You trifle with power far beyond your comprehension, witch!
82%
Eris You’re a long way from the Crossroads, Trouble! So, this is where the real action is, huh? Weren’t you supposed to still be practicing?
82%
Hera Pleased to make your acquaintance finally, my dear! Welcome to our world's surface, such as it is. I promised the family that once you demonstrated your resolve to us, then I'd take you under my wing... and, I always keep my vows.
82%
Heracles You're the help? Oh, that's rich. Friendly word of advice, sister: Stay out of my bloody way, else you're liable to get hurt. Now scoot, and tell whomever sent you that I work alone.
82%
Hestia Well, look at you, hot stuff! Come to help the elderly, ah what a good girl you are. And here I was just about to burn this whole blasted place to the ground myself! Now, here’s a little warm-up for ya…
82%
Icarus It's really you. Before you say anything, I know I'm not supposed to be here, but I spotted this ship and had to drop in for a closer look. And now I'm going to take off! So let's pretend this never happened, hey?
82%
Moros Princess of the Underworld: I regret having to contact you at such a time. It's not my custom to intervene during moments of Doom, only to observe.
82%
Narcissus Well, would you look at that. Another would-be suitor journeyed far and wide, just to gaze upon me, not that I blame you... and get totally rejected! Fine. Ogle if you must.
82%
Nemesis Already hit a wall! Knocked your scrawny ass all the way back here. It’s insane that she’s sending you on foot, all on your own.
82%
Persephone My beautiful daughter ... we were just talking about you! How you were as a child, both in this life and the other. Growing up is so difficult ... and you had to do it twice.
82%
Polyphemus You frightened my sheep. That's a real no-no in this town.
82%
Poseidon My long lost niece, you live. We thought you met the same fate as your father! And your mother, and your brother, augh! Well how about we turn the tide, and exact terrible revenge for poor old Hades and his kin?!
82%
Ares Ah, a fellow student of death! To have confronted monstrous Typhon with such zeal. My kin insisted that I act upon the violence spiralling out of control, and I do wish to see your prowess, so here ... a first of many contributions to the cause.
73%
Circe Oh, well, isn't this marvelous! How you've grown, little miss! Do you remember [me] still? Ah? Oh, no matter, hahaha. Not the circumstances for small talk! Show me your palms.
73%
Echo I mean you no harm. You no harm. No harm. No harm.
73%
Hades Pah! Another tormentor come to break me, or to try. And such a frail one, at that. Has the Titan Lord a lack for decent help?
73%
Hecate Time forced our hand, Melinoë. Nary a soul expected you to slay our enemy last night, on a new moon, no less!
73%
Hephaestus Oi, you that new cousin of mine? They told me you needed a weapon or something? Bah! You already got one! Right lousy one, can spot that piss-poor workmanship from here. Though, I could tune it up...
73%
Hermes How's things, you good? I'm good. Mostly! And good to see your task is underway, but change of plan, though it's a lot to ask: Up for a visit to Olympus sometime soon?
73%
Medea Hail, sorceress! Welcome to Ephyra. Suffering spreads every which way you cast your gaze, and on a night most foul. Simply appalling, no?
73%
Nyx ...My faithful Eye of Night, my child, thank you for ensuring that our realm remains secure, and keeping watch above it all. I never doubted that I could count on you.
73%
Schelemeus A battle lost. But this is war, young one, and you have many battles yet to come! The only question is, are you prepared to win? Im not so sure here, so let’s see you give me twenty!
73%
Zeus Ah, young lady, so we meet at last! Emerged from all that gloom to help us settle an old score. If you possess your father's strength, then we have the advantage! Let us strike.
73%
Athena The noble Princess of the Dead, at last! I am your cousin [...], and proud to welcome you to Olympus. Yet I could be prouder, as this wasn't always such a miserable place.
64%
Charon Hrraauuggh, naaaauugggghh…
64%
Chronos Pray, who might you be, my girl? And what compelled you to wander in and out of Erebus?
64%
Odysseus Tell me you killed the bastard? Drove your staff into his wretched skull, slid a dagger in his gut? Eh, not that he’d die from that; works on mortals though!
64%
Zagreus Erm ... is my hair getting lighter and my features getting fairer, or did I consume something that really isn't sitting well ...?
64%
The Fates All right, all right, all right, we're here, we're here ...
36%
No matching quizzes found
Score Distribution
Percent of People with Each Score
Percentile by Number Answered
Your Score History
You have not taken this quiz